Oración, encuentro con dios / (Record no. 144219)

MARC details
000 -LEADER
campo de control de longitud fija 00428nam a2200157 4500
001 - NÚMERO DE CONTROL
campo de control 144219
003 - IDENTIFICADOR DE NÚMERO DE CONTROL
campo de control ES-MaACL
005 - FECHA Y HORA DE LA ÚLTIMA TRANSACCIÓN
campo de control 20230906200952.0
007 - CAMPO FIJO DE DESCRIPCIÓN FÍSICA--INFORMACIÓN GENERAL
campo de control de longitud fija t|
008 - DATOS DE LONGITUD FIJA--INFORMACIÓN GENERAL
campo de control de longitud fija 070214s1966 sp r ||||1| spa d
100 1# - ENTRADA PRINCIPAL--NOMBRE DE PERSONA
Nombre de persona Sierra, Fernando.
9 (RLIN) 106253
245 10 - MENCIÓN DEL TÍTULO
Título Oración, encuentro con dios /
Mención de responsabilidad, etc. Fernando Sierra.
260 ## - PUBLICACIÓN, DISTRIBUCIÓN, ETC.
Lugar de publicación, distribución, etc. Salamanca :
Nombre del editor, distribuidor, etc. Sígueme,
Fecha de publicación, distribución, etc. 1966.
300 ## - DESCRIPCIÓN FÍSICA
Extensión 136 p. ;
Dimensiones 19 cm.
852 ## - LOCALIZACIÓN
Ubicación ES-MaACL
Número de control de estantería C-32123
Sublocalización o colección R.70286
Holdings
Estatus retirado Estado de pérdida Estado de daño No para préstamo Biblioteca de origen Biblioteca actual Ubicación en estantería Fecha de adquisición Fuente de adquisición Total de préstamos Signatura topográfica completa Código de barras Visto por última vez Precio de reemplazo Tipo de ítem Koha
        Biblioteca del Ateneo de Madrid Biblioteca del Ateneo de Madrid Depósito 2 17/01/2008     C-32123 1150045 23/02/2023 23/02/2023 Libro impreso